| 000 | 00441nam a22001817a 4500 | ||
|---|---|---|---|
| 003 | NUST - PNEC | ||
| 005 | 20170116181040.0 | ||
| 008 | 150922b xxu||||| |||| 00| 0 eng d | ||
| 020 | _a- | ||
| 040 | _cLIBRARY | ||
| 082 | _a627 KHU | ||
| 100 |
_911553 _aKhurmi, R.S. |
||
| 245 |
_aA text book of hydraulic machines _cR.S. Khurmi |
||
| 250 | _a7th ed. | ||
| 260 | _cc.1977 | ||
| 650 |
_911554 _aHydraulic Machines _xME |
||
| 942 |
_2ddc _cBK |
||
| 999 |
_c68070 _d68070 |
||